LEADER 01227nam a2200289 i 4500 001 000000073859 003 CaOOAMICUS 005 20091029000000.0 008 091029s2000 it u000 u ita u 013 $a45031 020 $a88-399-0411-5 040 $aSeMil$bita 100 1 $aGreshake, Gisbert,$d<1933- >.$0(OLS)http://semarc/name/159 240 14$aDer dreieine Gott.$0(OLS)http://semarc/title/119814 245 13$aIl Dio unitrino :$bteologia trinitaria /$cGisbert Greshake. 260 $aBrescia :$bQueriniana,$c2000. 300 $a673 p. ;$c23 cm. 490 0 $aBiblioteca di teologia contemporanea ;$v111 650 4$aTrinità - Teologia.$0(OLS)http://semarc/subject/1098 650 4$aTeologia trinitaria.$0(OLS)http://semarc/subject/1000 830 0$aBiblioteca di teologia contemporanea ;$v111.$0(OLS)http://semarc/title/14 850 $aSeMil 852 $aSeMil$W1$xVenegono$y1$m2BA M 111$j40011$B40011$CSeMilBibl$Z2$F40015 $81 961 $aSottoscrizione: Casa editrice 996 $6020$a88-399-0411-5$9(OLS)http://semarc/number/53951 996 $6245$aIl Dio unitrino :$bteologia trinitaria$9(OLS)http://semarc/title/119813 996 $6260$aBrescia :$bQueriniana$9(OLS)http://semarc/publisher/29615